000 00817nam a22002537a 4500
003 OSt
005 20240530073925.0
008 100322s2020 dr 000 0 spa d
020 _a9789945093926
040 _aDO-SdBNP
_bspa
_cBNPHU
041 _hspa
082 4 _aRD863.5
_bR173e
_222
100 1 _aRamia Guzmán, José
_937920
_d1984-
245 1 0 _aEl cuadro /
_cJosé Ramia Guzmán
260 _aSanto Domingo :
_bBúho,
_c2020.
300 _a174 p. :
_c21 cm.
500 _aIncluye datos biográficos del autor en la contraportada.
590 _aInventariado, 2021/ YL
590 _aLa biblioteca posee tres (3) ejemplar autografiado por el autor.
650 0 _aNovela dominicana
_9223
650 4 _aLiteratura dominicana
_978493
910 _aYLOCKWARD/Validado. Control de calidad MFF
942 _2ddc
_cLBS1
999 _c49602
_d49602